000 00646cab a2200229 4500
001 WB2422-42
008 090401t1988 xxu||||| |||| 00| 0 eng d
035 _a(Sirsi) u31805
041 _aeng
245 _aCommercial and Industrial Property Review
260 _c1988
350 _a0
490 _aGlasgow Herald
_v1/6/88 pp15-21(7) LOAN
520 _aSurvey on the commercial, industrial and retail sectors of the property markets in Scotland `s major cities.
650 _aABERDEEN
650 _aDUNDEE
650 _aEDINBURGH
650 _aGLASGOW
690 _aPROPERTY-COMMERCIAL PROPERTY
942 _n0
948 _c04/03/1997
999 _c21349
_d21349